[Event "Vrnjacka Banja"]
[Site "Vrnjacka Banja"]
[Date "1987.??.??"]
[Round "15"]
[White "Ristic, Nebojsa"]
[Black "Drasko, Milan"]
[Result "0-1"]
[WhiteElo "2315"]
[BlackElo "2465"]

1.d4 Nf6 2.c4 e6 3.Nf3 Bb4+ 4.Bd2 Qe7 5.Qc2 Bxd2+ 6.Nbxd2 d6 7.g3 O-O 8.Qc3 Re8
9.Bg2 e5 10.e3 h6 11.h3 e4 12.Ng1 c6 13.Ne2 Nbd7 14.b4 b6 15.a4 d5 16.c5 a5
17.cxb6 axb4 18.Qxc6 Ra6 19.a5 Nxb6 20.Qc1 Nc4 21.Nb3 Qd8 22.Ra4 Qd6 23.O-O Bd7
24.Ra2 Rb8 25.Rd1 Bb5 26.Bf1 Nd7 27.Nf4 Na3 28.Bxb5 Nxb5 29.Ne2 Na3 30.Qd2 Rc6
31.Rc1 Rc4 32.Qe1 Qa6 33.Nf4 Nf6 34.Ne2 Rbc8 35.Rb2 Qb5 36.Kg2 Nd7 37.Nf4 Rc3
38.Nc5 Rxc1 39.Qxc1 Nc4 40.Nxd5 Nxb2 41.Ne7+ Kf8 42.Nxc8 Nd3 43.Nxd7+ Qxd7
44.Qc4 b3 45.Nb6 Qf5 46.f4 exf3+  0-1

[Event "Vrsac"]
[Site "Vrsac"]
[Date "1987.??.??"]
[Round "?"]
[White "Barlov, Dragan"]
[Black "Ivanovic, Bozidar"]
[Result "1-0"]
[WhiteElo "2555"]
[BlackElo "2535"]

1.d4 Nf6 2.c4 e6 3.Nf3 Bb4+ 4.Bd2 Qe7 5.g3 Nc6 6.Bg2 Bxd2+ 7.Nbxd2 d6 8.e4 e5
9.d5 Nb8 10.O-O O-O 11.Qc2 a5 12.Rfc1 Na6 13.a3 Bd7 14.b3 c6 15.dxc6 bxc6
16.Qc3 Nc5 17.Nh4 g6 18.b4 Ne6 19.Nhf3 c5 20.b5 Bc8 21.a4 Bb7 22.Qd3 Rfe8
23.Ne1 Nd4 24.Nc2 Nd7 25.Ne3 Nb6 26.Re1 Qg5 27.Nb3 Qh5 28.Nf1 f5 29.Nfd2 Rf8
30.Nxd4 cxd4 31.Qa3 fxe4 32.Nxe4 Rad8 33.c5 dxc5 34.Qxc5 Nd5 35.Nd6 Rxf2
36.Kxf2 Qxh2 37.Nxb7 Ne3 38.Rxe3 dxe3+ 39.Kf3 Rf8+ 40.Qxf8+ Kxf8 41.Nc5 Qh5+
42.g4 Qh4 43.Ne4 h5 44.Kxe3 Qxg4 45.Bf3 Qe6 46.Rb1 Qb6+ 47.Ke2 h4 48.Rd1 Qc7
49.Rb1 Qb6 50.Bg2 Kg7 51.Nd2 g5 52.Bf3 h3 53.Ne4 h2 54.Nf2 Qc7 55.Be4 Qb6
56.Kf3 Qf6+ 57.Kg2 Qb6 58.Rh1 Qd4 59.Rxh2 Qxa4 60.b6 Qb4 61.b7 a4 62.Rh7+ Kg8
63.Rc7  1-0

[Event "Warsaw zt-B"]
[Site "Warsaw"]
[Date "1987.??.??"]
[Round "?"]
[White "Pinter, Jozsef"]
[Black "Hawelko, Marek"]
[Result "1-0"]
[WhiteElo "2570"]
[BlackElo "2460"]

1.d4 Nf6 2.c4 e6 3.Nf3 Bb4+ 4.Bd2 Bxd2+ 5.Qxd2 O-O 6.g3 b6 7.Bg2 Bb7 8.Nc3 Ne4
9.Qc2 f5 10.Ne5 Nd6 11.d5 Na6 12.O-O Qe7 13.f4 Nxc4 14.Nxc4 Qc5+ 15.Rf2 Qxc4
16.Rd1 exd5 17.Bxd5+ Bxd5 18.Rxd5 Rf7 19.Rxf5 Nb4 20.Qb1 Nxa2 21.Nxa2 Rxf5
22.Qxf5 Qxa2 23.Qxd7 Qb1+ 24.Kg2 Qe4+ 25.Kh3 c5 26.f5 Rf8 27.Qxa7 Qd4 28.Qa2+ Kh8
29.Rf4 Qe5 30.b3 h6 31.Qc2 Rc8 32.e4 Rd8 33.Qe2 Rd4 34.Qg4 Qf6 35.Qh5 Qe5
36.Qg6 Rxe4 37.f6 Qe6+ 38.Rf5  1-0

[Event "Zenica"]
[Site "Zenica"]
[Date "1987.??.??"]
[Round "?"]
[White "Groszpeter, Attila"]
[Black "Terzic, Safet"]
[Result "1/2-1/2"]
[WhiteElo "2505"]
[BlackElo "2345"]

1.d4 Nf6 2.c4 e6 3.Nf3 Bb4+ 4.Bd2 c5 5.Bxb4 cxb4 6.g3 b6 7.Bg2 Bb7 8.O-O O-O
9.Nbd2 a5 10.Re1 Na6 11.e4 d6 12.e5 dxe5 13.dxe5 Nd7 14.Ne4 Bxe4 15.Rxe4 Qc7
16.Qc2 h6 17.Rae1 Rac8 18.Rg4 Rfd8 19.Qc1 Kh8 20.Rh4 Kh7 21.Ree4 Rh8 22.Qe3 Nf8
23.Reg4 Nc5 24.Rh5 Ng6 25.Nh4 Rhd8 26.h3 Rd3 27.Qe2 Qd7 28.Nxg6 fxg6 29.Rhh4 Rf8  1/2-1/2

[Event "Akureyri"]
[Site "Akureyri"]
[Date "1988.??.??"]
[Round "?"]
[White "Polugaevsky, Lev"]
[Black "Arnason, Jon L"]
[Result "1/2-1/2"]
[WhiteElo "2575"]
[BlackElo "2510"]

1.d4 Nf6 2.c4 e6 3.Nf3 Bb4+ 4.Bd2 c5 5.Bxb4 cxb4 6.g3 O-O 7.Bg2 d6 8.O-O Nc6
9.d5 exd5 10.cxd5 Ne7 11.Ne1 Qb6 12.Nc2 Re8 13.Ne3 Nf5 14.Nc4 Qc7 15.Qd3 Nd7
16.b3 Nc5 17.Qd1 b5 18.Ncd2 Qe7 19.a3 Qe5 20.Ra2 Qxe2 21.axb4 Nd3 22.Qxe2 Rxe2
23.Nc3 Nxb4 24.Nxe2 Nxa2 25.Ra1 Nb4 26.Nc3 Bd7 27.Bh3 g6 28.Nde4 Kf8 29.Nxd6 Nxd6
30.Bxd7 a6 31.Nxb5 Rd8 32.Nxd6 Rxd7 33.Nc4 Rxd5 34.Ra4 Rb5  1/2-1/2

[Event "Almada"]
[Site "Almada"]
[Date "1988.??.??"]
[Round "3"]
[White "Lukacs, Peter"]
[Black "Nikolac, Juraj"]
[Result "1-0"]
[WhiteElo "2465"]
[BlackElo "2495"]

1.d4 Nf6 2.c4 e6 3.Nf3 Bb4+ 4.Bd2 Qe7 5.g3 O-O 6.Bg2 Bxd2+ 7.Qxd2 d6 8.Nc3 c6
9.O-O e5 10.e4 Na6 11.h3 Bd7 12.Rad1 Rfd8 13.Rfe1 Be8 14.Qe3 b6 15.Re2 Nh5
16.Red2 f6 17.Bf1 Nc7 18.c5 dxc5 19.dxe5 Rxd2 20.exf6 Nxf6 21.Rxd2 Rd8 22.Rxd8 Qxd8
23.b3 Kh8 24.e5 Nfd5 25.Qd2 Qe7 26.Ne4 Bh5 27.g4 Bg6 28.Nd6 Qf8 29.Nh4 Ne6
30.Nhf5 Bxf5 31.gxf5 Nd4 32.Bg2 Ne7 33.Be4 h6 34.Qd3 Nd5 35.Kf1 Nf4 36.Qg3 Nde2
37.Qg4 h5 38.Qg5 b5 39.Bf3 c4 40.Bxe2  1-0

[Event "OHRA-B"]
[Site "Amsterdam"]
[Date "1988.??.??"]
[Round "?"]
[White "Karolyi, Tibor Jr"]
[Black "Brenninkmeijer, Joris"]
[Result "1/2-1/2"]
[WhiteElo "2450"]
[BlackElo "2390"]

1.d4 Nf6 2.c4 e6 3.Nf3 Bb4+ 4.Bd2 c5 5.Bxb4 cxb4 6.g3 O-O 7.Bg2 d6 8.O-O a5
9.Qd3 Qc7 10.Nbd2 h6 11.Rac1 Na6 12.e4 e5 13.Nh4 Re8 14.Rfe1 Bd7 15.Nf1 Qb6
16.Rcd1 Rad8 17.Ne3 g6 18.Rd2 Bc6 19.f3 Nc7 20.Kf1 Qa6 21.dxe5 dxe5 22.Qxd8 Rxd8
23.Rxd8+ Kg7 24.Bh3 Qb6 25.Rd2 Qc5 26.Kg1 Nh7 27.Bd7 Ng5 28.b3 Nce6 29.Bxc6 bxc6
30.Kg2 a4 31.Nc2 Qa5 32.Rf2 Nc5 33.Re3 Nge6 34.f4 exf4 35.gxf4 Qd8 36.f5 Qg5+
37.Kf1 Qxh4 38.fxe6 fxe6 39.Ref3 h5 40.Nxb4 Qxe4 41.h3 axb3 42.axb3 Nxb3
43.Rxb3 Qxc4+ 44.Rd3 Qxb4 45.Rff3 Kh6 46.Rfe3 c5 47.Ke2 Qc4 48.Kf2 e5 49.Rc3 Qf4+
50.Kg2 e4 51.Re2 h4 52.Kg1 Qg5+ 53.Kh1 Qf5 54.Rce3 Kg5 55.Kg1 Kf4 56.Rc3 Qd5
57.Rec2 e3 58.Rxc5 Qd1+ 59.Kh2 Kf3 60.Rc6 Qxc2+ 61.Rxc2 e2 62.Rc1 Kf2 63.Rc6 e1=Q
64.Rf6+ Ke3 65.Rxg6 Qf2+ 66.Rg2 Qf3 67.Rg1 Qf4+ 68.Kh1 Qf5 69.Kh2 Kf2 70.Rg2+ Kf3
71.Rg1 Qe5+ 72.Kh1 Qd5 73.Rg2 Ke3 74.Kh2 Qd6+ 75.Kh1 Kf3 76.Rg1 Qd2 77.Rg4 Qe3
78.Rg2 Qc5 79.Kh2 Ke3 80.Kh1 Kf4 81.Kh2 Kf3 82.Kh1 Qc6 83.Kh2 Qb6 84.Kh1 Qd6
85.Rg1 Kf2 86.Rg2+ Ke3 87.Rg1 Qb8 88.Rg2 Qa7 89.Kh2 Kf3 90.Kh1 Qa1+ 91.Rg1 Qh8
92.Rg2 Qa8 93.Kh2 Qc8 94.Rg1 Qc2+ 95.Kh1 Qb2 96.Rg4 Qa2 97.Rg1 Qd5 98.Rg2 Ke3
99.Kh2 Qf3 100.Rg1 Kf2 101.Rf1+  1/2-1/2

[Event "EU-ch U20"]
[Site "Arnhem"]
[Date "1988.??.??"]
[Round "4"]
[White "Van der Werf, Mark"]
[Black "Comas Fabrego, Luis"]
[Result "0-1"]
[WhiteElo "2260"]
[BlackElo "2325"]

1.d4 Nf6 2.c4 e6 3.Nf3 Bb4+ 4.Bd2 Qe7 5.g3 Nc6 6.Nc3 d6 7.Bg2 O-O 8.Qc2 e5
9.dxe5 Nxe5 10.a3 Bh3 11.O-O Nxf3+ 12.exf3 Bxg2 13.Kxg2 Bxc3 14.Bxc3 Rae8
15.Qf5 b6 16.Rad1 Nd7 17.Rd4 Qe6 18.Qb5 f6 19.Qc6 Rc8 20.Re1 Qf7 21.f4 Nb8
22.Qa4 Rce8 23.Rde4 Rxe4 24.Rxe4 d5 25.cxd5 Qxd5 26.f3 Nc6 27.Rc4 b5  0-1

[Event "NOR-ch"]
[Site "Asker"]
[Date "1988.??.??"]
[Round "1"]
[White "Kristiansen, Erling"]
[Black "Tisdall, Jonathan D"]
[Result "1/2-1/2"]
[WhiteElo "2330"]
[BlackElo "2460"]

1.d4 Nf6 2.c4 e6 3.Nf3 Bb4+ 4.Bd2 c5 5.Bxb4 cxb4 6.a3 bxa3 7.Rxa3 O-O 8.Nc3 d6
9.e3 Nc6 10.Be2 e5 11.O-O Bf5 12.Qd2 a5 13.Rd1 Ne4 14.Nxe4 Bxe4 15.Qc3 Qe7
16.Raa1 Rfc8 17.b3 b6 18.Rd2 Rc7 19.Qb2 Bxf3 20.Bxf3 e4 21.Be2 Nb4 22.Qa3 Re8
23.Qa4 Rb8 24.Qb5 Qe8 25.Qf5 Qe6 26.Qf4 Rd8 27.f3 Re7 28.Re1 h6 29.fxe4 Qxe4
30.Qxe4 Rxe4 31.Bf3 Re7 32.Kf2 g6 33.g4 Kg7 34.h4 g5 35.Rh1 d5 36.hxg5 hxg5
37.cxd5 Nxd5 38.Bxd5 Rxd5 39.Kf3 Rd6 40.Rdh2 Rf6+ 41.Ke2 Re4 42.Rh7+ Kf8
43.R7h6 Rxh6 44.Rxh6 Rxg4 45.Rxb6 Rg2+ 46.Kf3 Rb2 47.Rb5 f6 48.e4 Ke7 49.Kg4 Rf2
50.Rf5 Rd2 51.Rxa5 Rxd4 52.Kf5 Rb4 53.Ra7+ Kd6 54.Ra6+ Kd7 55.Rxf6 Rxb3 56.Rg6 Re3
57.Rxg5 Re1 58.Ke5 Ke7 59.Rg7+ Ke8 60.Ra7 Re2 61.Kf5 Rb2 62.Ra6 Ke7  1/2-1/2

[Event "Badenweiler op"]
[Site "Badenweiler"]
[Date "1988.??.??"]
[Round "5"]
[White "Barlov, Dragan"]
[Black "Kiefer, Gerhard"]
[Result "1-0"]
[WhiteElo "2520"]
[BlackElo "2220"]

1.d4 Nf6 2.c4 e6 3.Nf3 Bb4+ 4.Bd2 Qe7 5.g3 Nc6 6.Bg2 Bxd2+ 7.Nbxd2 d6 8.e4 e5
9.d5 Nb8 10.O-O O-O 11.Qc2 a5 12.Qc3 Nbd7 13.Ne1 Nc5 14.Nd3 Nxd3 15.Qxd3 Nd7
16.b3 Nc5 17.Qc3 f5 18.a3 Nxe4 19.Nxe4 fxe4 20.Bxe4 Bh3 21.Rfc1 b6 22.b4 axb4
23.axb4 Rxa1 24.Rxa1 Qf6 25.Qe3 g6 26.Ra7 Rf7 27.Ra6 Bc8 28.Ra8 Rf8 29.Ra7 Rf7
30.h4 Bf5 31.Bg2 Bg4 32.c5 bxc5 33.bxc5 Kg7 34.c6 h6 35.Rb7 g5 36.hxg5 hxg5
37.Qa7 Qe7 38.Be4 Kf6 39.Qe3 Bh5 40.Kg2 Bg6 41.Rb1 Bxe4+ 42.Qxe4 Kg7 43.Rh1 Qf6
44.Rh7+ Kg8 45.Rxf7 Kxf7 46.Qh7+ Qg7 47.Qf5+ Qf6 48.Qd7+ Qe7 49.Qf5+ Qf6
50.Qg4 Kg6 51.Qd7 Qf7 52.Qxf7+ Kxf7 53.Kf3 Kg6 54.g4 Kf7  1-0

[Event "Baku"]
[Site "Baku"]
[Date "1988.??.??"]
[Round "?"]
[White "Magerramov, Elmar"]
[Black "Dizdar, Goran"]
[Result "1/2-1/2"]
[WhiteElo "2430"]
[BlackElo "2500"]

1.d4 Nf6 2.c4 e6 3.Nf3 Bb4+ 4.Bd2 c5 5.Bxb4 cxb4 6.g3 O-O 7.Bg2 d6 8.O-O Re8
9.a3 Nc6 10.d5 exd5 11.cxd5 Ne7 12.axb4 Nexd5 13.b5 Bg4 14.Ra4 Qd7 15.Na3 Nb6
16.Rd4 d5 17.Re1 Rac8 18.Nd2 Re5 19.Nf1 Bh3 20.Bf3 Bf5 21.Ne3 Be4 22.Kg2 Rce8
23.Qd2 h5 24.h4 Qe6 25.Rc1 Ng4 26.Nxg4 hxg4 27.Bxe4 Rxe4 28.e3 Qf6 29.Rd1 Qf3+
30.Kg1 Rxd4 31.Qxd4 Re4 32.Qd3 d4 33.Nc2 dxe3 34.Nxe3 g6 35.Qc3 Re8 36.Rd4 Qe2
37.Rf4 Nd5 38.Nxd5 Qd1+ 39.Kh2 Qxd5 40.Rxg4 Qxb5  1/2-1/2

[Event "URS-ch otbor56"]
[Site "Barnaul"]
[Date "1988.??.??"]
[Round "?"]
[White "Savchenko, Stanislav"]
[Black "Kiselev, Sergey"]
[Result "1-0"]
[WhiteElo "2480"]
[BlackElo "2420"]

1.d4 Nf6 2.Nf3 e6 3.c4 Bb4+ 4.Bd2 a5 5.Nc3 b6 6.Bg5 Bb7 7.e3 h6 8.Bh4 g5
9.Bg3 Ne4 10.Nd2 Bxc3 11.bxc3 Nxg3 12.hxg3 d6 13.Rh2 Nd7 14.Be2 Qf6 15.g4 Ke7
16.Qc2 Raf8 17.Bd3 Qg7 18.O-O-O Kd8 19.f3 Kc8 20.Be4 Kb8 21.Kb2 Re8 22.Bxb7 Kxb7
23.Nf1 Qh7 24.Ng3 Qg7 25.Qe4+ Kb8 26.Qc6 Rd8 27.Qe4 Rde8 28.Qd3 Reg8 29.Kc2 Qf8
30.Rb1 Ka7 31.Rb5 Qa8 32.Rh1 Qc6 33.Rhb1 Rf8 34.Ne2 h5 35.d5 Qa8 36.Nd4 Kb8
37.Rxa5 Qxa5 38.Nc6+ Kc8 39.Nxa5 bxa5 40.dxe6 fxe6 41.Qe4 Nc5 42.Qc6 hxg4
43.Rb5 gxf3 44.Rxa5  1-0

[Event "URS-ch otbor56"]
[Site "Barnaul"]
[Date "1988.??.??"]
[Round "?"]
[White "Vladimirov, Evgeny"]
[Black "Kiselev, Sergey"]
[Result "0-1"]
[WhiteElo "2540"]
[BlackElo "2420"]

1.d4 Nf6 2.c4 e6 3.Nf3 Bb4+ 4.Bd2 a5 5.Nc3 b6 6.Bg5 Bb7 7.e3 h6 8.Bh4 g5
9.Bg3 Ne4 10.Nd2 Bxc3 11.bxc3 Nxg3 12.hxg3 d6 13.Rh2 Nd7 14.g4 Qe7 15.Be2 O-O-O
16.Bf3 Rdf8 17.Rb1 f5 18.c5 dxc5 19.Bxb7+ Kxb7 20.Nc4 fxg4 21.Qxg4 Qh7 22.Qd1 Kc8
23.Rb2 Qf5 24.Qa4 Qd5 25.f3 g4 26.f4 h5 27.Rd2 Qe4 28.Qb5 Rxf4 29.dxc5 Nxc5
30.Rd4 g3 31.Rxe4 gxh2 32.Nxb6+ cxb6 33.Qc6+ Kb8 34.Qxb6+ Nb7 35.Rxf4 h1=Q+
36.Kf2 Rg8 37.Qc6 Qd1 38.Rf7 Qd2+ 39.Kf1 Qc1+ 40.Kf2 Qb2+ 41.Kg1 Rc8 42.Qxe6 Qxc3
43.Kh2 Qc4 44.Qe5+ Ka8 45.Qe7 Qb5 46.e4 Re8 47.Rf8 Rxf8 48.Qxf8+ Ka7 49.Qf6 Qc4
50.e5 Nc5 51.Qf2 Kb6 52.Qb2+ Kc6 53.Qd2 Kb5 54.Qb2+ Ka4 55.Qd2 Ne6 56.Qd7+ Kb4
57.Qd2+ Kb5 58.Qd7+ Kb6 59.Qd6+ Kb7 60.Qd7+ Ka6 61.Qd6+ Kb7 62.Qd7+ Nc7 63.Qd2 Qd5
64.Qb2+ Kc6 65.Qc2+ Kb7 66.Qb2+ Kc8 67.Qe2 Ne6 68.Qxh5 Qxa2 69.Qf3 Kc7 70.Qa8 a4
71.Qa6 Qb3 72.Qd6+ Kb7 73.Qd7+ Kb6 74.Qd6+ Kb5 75.Qd7+ Kb4 76.Qd2+ Kc4 77.Qd6 Kc3  0-1

[Event "URS-ch otbor56"]
[Site "Barnaul"]
[Date "1988.??.??"]
[Round "?"]
[White "Vyzmanavin, Alexey"]
[Black "Kengis, Edvins"]
[Result "1/2-1/2"]
[WhiteElo "2565"]
[BlackElo "2470"]

1.d4 Nf6 2.c4 e6 3.Nf3 Bb4+ 4.Bd2 c5 5.Bxb4 cxb4 6.g3 O-O 7.Bg2 d6 8.O-O Re8
9.a3 Nc6 10.axb4 Nxb4 11.Nc3 Bd7 12.Qb3 a5 13.Nd2 Qb6 14.Nde4 Nxe4 15.Nxe4 Bc6
16.c5 dxc5 17.dxc5 Qc7 18.Nd6 Red8 19.Rfc1 Bxg2 20.Kxg2 b6 21.Ne4 Qe5 22.Qf3 f5
23.Nd6 bxc5 24.Nb7 Rd2 25.Nxa5 Qd5 26.Rxc5 Qxf3+ 27.Kxf3 Rxb2  1/2-1/2

[Event "GMA-Open"]
[Site "Belgrade"]
[Date "1988.??.??"]
[Round "?"]
[White "Naumkin, Igor"]
[Black "Djurovic, Dejan"]
[Result "1-0"]
[WhiteElo "2440"]
[BlackElo "2235"]

1.d4 Nf6 2.c4 e6 3.Nf3 Bb4+ 4.Bd2 a5 5.g3 O-O 6.Bg2 d6 7.O-O Bxd2 8.Qxd2 Nbd7
9.Nc3 Re8 10.Rad1 Qe7 11.e4 e5 12.Rfe1 Nb6 13.c5 exd4 14.Nd5 Nbxd5 15.exd5 Qf8
16.cxd6 Rxe1+ 17.Rxe1 Qxd6 18.Nxd4 Bd7 19.Nc2 c6 20.Ne3 Be6 21.Nc4 Qc5 22.dxe6 Qxc4
23.e7 Qa6 24.Qd8+ Ne8 25.Bh3  1-0

[Event "GMA-Open"]
[Site "Belgrade"]
[Date "1988.??.??"]
[Round "?"]
[White "Nenadovic, Ljubisa"]
[Black "Taimanov, Mark E"]
[Result "0-1"]
[WhiteElo "2245"]
[BlackElo "2480"]

1.d4 Nf6 2.c4 e6 3.Nf3 Bb4+ 4.Bd2 a5 5.g3 d5 6.cxd5 exd5 7.Bg2 O-O 8.O-O Re8
9.Bg5 Nbd7 10.a3 Bd6 11.Nc3 c6 12.Qc2 h6 13.Bxf6 Nxf6 14.Rfe1 Bd7 15.Nd2 Bf8
16.Rad1 Bg4 17.Nf3 Bd6 18.e4 dxe4 19.Nxe4 Nxe4 20.Rxe4 Rxe4 21.Qxe4 Be6 22.Ne5 Qb6
23.Rd2 Rd8 24.Qc2 Be7 25.Qc3 Bf6 26.f4 Bd5 27.Bxd5 Rxd5 28.Kg2 Qd8 29.b4 axb4
30.axb4 Rb5 31.Rb2 Qd5+ 32.Kf2 Be7 33.Ke3 Qe6 34.Kd3 f6 35.Nf3 Qf5+ 36.Ke3 Bd6
37.Qc4+ Qd5 38.Kd3 Rxb4 39.Qxd5+ cxd5 40.Ra2 Rb3+ 41.Ke2 g5 42.f5 Kf7 43.Ra5 g4
44.Ng1 Ke7 45.Kf1 Kd7 46.Ne2 Ra3 47.Rxa3 Bxa3 48.Nf4 Kc6 49.Ke2 Bc1 50.Nh5 Bg5
51.Kd3 b5 52.Kc3 Kb6 53.Kb4 Kc6 54.Kc3 Kc7 55.Kb3 Kb7 56.Ng7 Be3 57.Kc3 b4+
58.Kxb4 Bxd4 59.Ne6 Bg1 60.Nf4 Kc6 61.Nh5 Bd4 62.Kb3 Kd6 63.Kc2 Ke5 64.Kd3 Bg1
65.Ke2 Kxf5 66.Nf4 Ke4 67.Nh5 Bd4 68.Nf4 f5 69.Kf1 Be3 70.Nh5 Bg5 71.Ng7 Ke5
72.Ke2 f4 73.gxf4+ Bxf4 74.h3 gxh3 75.Kf3 d4  0-1

[Event "GMA-Open"]
[Site "Belgrade"]
[Date "1988.??.??"]
[Round "?"]
[White "Ilic, Zoran"]
[Black "Mednis, Edmar John"]
[Result "1/2-1/2"]
[WhiteElo "2360"]
[BlackElo "2435"]

1.d4 Nf6 2.Nf3 e6 3.c4 Bb4+ 4.Bd2 Qe7 5.g3 Nc6 6.Bg2 Bxd2+ 7.Nbxd2 d6 8.O-O O-O
9.e4 e5 10.d5 Nb8 11.Ne1 a5 12.Nd3 Na6 13.Nb1 c6 14.dxc6 bxc6 15.Nc3 Nb4
16.b3 Rd8 17.a3 Nxd3 18.Qxd3  1/2-1/2

[Event "GMA-Open"]
[Site "Belgrade"]
[Date "1988.??.??"]
[Round "?"]
[White "Gruen, Peter"]
[Black "Markovic, Miroslav"]
[Result "1-0"]
[WhiteElo "2380"]
[BlackElo "2250"]

1.d4 Nf6 2.Nf3 e6 3.c4 Bb4+ 4.Bd2 Qe7 5.g3 O-O 6.Bg2 Bxd2+ 7.Qxd2 Ne4 8.Qc2 Qb4+
9.Nfd2 Nxd2 10.Nxd2 Nc6 11.e3 e5 12.d5 Ne7 13.O-O d6 14.a3 Qb6 15.b4 Bf5
16.e4 Bg6 17.c5 Qb5 18.Qc4 Qd7 19.Rac1 Rfd8 20.h4 c6 21.Qe2 cxd5 22.cxd6 Qxd6
23.exd5 f6 24.Nc4 Qd7 25.Ne3 Nf5 26.Nxf5 Bxf5 27.Rfd1 Rac8 28.Rc5 Bg4 29.Bf3 Bxf3
30.Qxf3 b6 31.Rxc8 Rxc8 32.d6 Kf8 33.Qd5 Rd8 34.Kg2 Rc8 35.Qe4 Rc6 36.Qd3 g6
37.Qb5 Ke8 38.Qd5 Kf8 39.Kh2 Rc8 40.Qf3 Kg7 41.a4 Re8 42.Qd5 Rd8 43.a5 bxa5
44.bxa5 Qf5 45.Kg2 e4 46.Qd2 Rd7 47.Rc1 Kf7 48.Rc7 Ke6 49.Rxd7 Kxd7 50.Qd4 Qxa5
51.Qxf6 Qd8 52.Qf7+ Kxd6 53.Qxh7 a5 54.Qxg6+ Ke5 55.Qg7+ Kf5 56.Qf7+ Ke5
57.Qf4+ Ke6 58.Qxe4+ Kf6 59.h5 Kg7 60.Qe5+ Kh6 61.g4 Qa8+ 62.Kg3 a4 63.Qd6+ Kh7
64.g5 a3 65.Qc7+ Kh8 66.g6 Qg8 67.Qc3+ Qg7 68.Qxa3 Qe5+ 69.f4 Qe1+ 70.Kg4 Qe6+
71.Kh4 Qe1+ 72.Kg5 Qg3+  1-0

[Event "GMA-Open"]
[Site "Belgrade"]
[Date "1988.??.??"]
[Round "?"]
[White "Gruen, Peter"]
[Black "Barbero, Gerardo F"]
[Result "0-1"]
[WhiteElo "2380"]
[BlackElo "2505"]

1.d4 Nf6 2.Nf3 e6 3.c4 Bb4+ 4.Bd2 c5 5.Bxb4 cxb4 6.g3 O-O 7.Bg2 d6 8.Nbd2 Nc6
9.Qb3 a5 10.d5 exd5 11.cxd5 Nb8 12.O-O Nbd7 13.Nd4 Nc5 14.Qf3 Nfd7 15.Nc4 Nb6
16.Ne3 Ncd7 17.Qf4 Ne5 18.Rac1 Na4 19.Qe4 Qb6 20.Ndf5 Bd7 21.Rc2 g6 22.Nd4 Rae8
23.Qf4 Qd8 24.h4 Nc5 25.Nf3 f6 26.Nxe5 fxe5 27.Qg5 Bb5 28.Qxd8 Rxd8 29.Nc4 b3
30.axb3 Nxb3 31.Na3 Nd4 32.Rc7 Bxe2 33.Rfc1 Bd3 34.Rd1 e4 35.Rxb7 Ne2+ 36.Kh2 Rxf2
37.Nb5 Rdf8 38.Nxd6 R8f3 39.Rb8+ Kg7 40.Rb7+ Kh6 41.Ne8 Rxg3 42.Rg1 Rg4 43.Kh3 Rff4  0-1

[Event "GMA-Open"]
[Site "Belgrade"]
[Date "1988.??.??"]
[Round "?"]
[White "Acimovic, Svetozar"]
[Black "Dizdar, Goran"]
[Result "0-1"]
[WhiteElo "2370"]
[BlackElo "2500"]

1.d4 Nf6 2.Nf3 e6 3.c4 Bb4+ 4.Bd2 c5 5.Bxb4 cxb4 6.Nbd2 O-O 7.e3 d6 8.Bd3 b6
9.a3 bxa3 10.Rxa3 Nc6 11.O-O e5 12.Ne4 Bg4 13.Nxf6+ Qxf6 14.Be4 Rac8 15.Qa4 Na5
16.dxe5 dxe5 17.c5 Bxf3 18.Bxf3 e4 19.Bxe4 Qxb2 20.Ra2 Qe5 21.c6 Rfd8 22.g3 g6
23.h4 Rc7 24.Bg2 Rd3 25.Rd1 b5 26.Qc2 Rc3 27.Qe2 Nxc6 28.Rd5 Qe6 29.Rxb5 Ne5
30.Rba5 Rc1+ 31.Bf1 Re1 32.Qa6 Rcc1 33.Rxe5 Qxe5  0-1

[Event "GMA-Open"]
[Site "Belgrade"]
[Date "1988.??.??"]
[Round "?"]
[White "Acimovic, Svetozar"]
[Black "Makarichev, Sergey"]
[Result "1/2-1/2"]
[WhiteElo "2370"]
[BlackElo "2500"]

1.d4 Nf6 2.c4 e6 3.Nf3 Bb4+ 4.Bd2 a5 5.Nc3 b6 6.g3 Ba6 7.b3 O-O 8.Bg2 c6
9.O-O d5 10.cxd5 cxd5 11.Rc1 Nbd7 12.Re1 Qe7 13.Nb1 Rfc8 14.Bf1 Bd6 15.e3 Bxf1
16.Rxf1 Ne4 17.Qe2 Ba3 18.Rxc8+ Rxc8 19.Qb5 Rc7 20.Rd1 h6 21.Be1 Bd6 22.Nfd2 f5
23.Qd3 Bb4 24.Nf3 Qd6 25.Bxb4 Qxb4 26.Ne1 Qf8 27.f3 Nd6 28.Nc3 Qc8 29.Rc1 b5
30.Rc2 Nb6 31.h4 b4  1/2-1/2

[Event "GMA-Open"]
[Site "Belgrade"]
[Date "1988.??.??"]
[Round "?"]
[White "Lputian, Smbat G"]
[Black "Gruen, Peter"]
[Result "1-0"]
[WhiteElo "2540"]
[BlackElo "2380"]

1.d4 Nf6 2.c4 e6 3.Nf3 Bb4+ 4.Bd2 c5 5.Bxb4 cxb4 6.e3 O-O 7.Bd3 d6 8.Nbd2 e5
9.O-O Re8 10.Qc2 Nc6 11.Ne4 h6 12.Rfd1 Bg4 13.dxe5 Nxe5 14.Ned2 Rc8 15.Be2 Qc7
16.Qb3 a5 17.a3 bxa3 18.Rxa3 b6 19.Qa2 Nc6 20.Rc3 Nb4 21.Qb3 Qe7 22.h3 Bh5
23.Re1 Nd7 24.Qd1 Nc5 25.Nd4 Bxe2 26.Qxe2 d5 27.cxd5 Nxd5 28.Rc4 Nb4 29.b3 Nbd3
30.Rb1 Qd7 31.N2f3 Qd5 32.Rd1 Ne5 33.Nb5 Nxf3+ 34.gxf3 Qe6 35.Nd6 Qxh3 36.Rg4 Ne6
37.f4 Rc2 38.Rxg7+ Nxg7 39.Qxc2 Qg4+ 40.Kf1 Rd8 41.Rd3 h5 42.Ne4 Qh3+ 43.Ke1 Rxd3
44.Nf6+ Kf8 45.Qxd3 Ne6 46.f5 Ng5 47.Qd8+ Kg7 48.Ne8+  1-0

[Event "GMA-Open"]
[Site "Belgrade"]
[Date "1988.??.??"]
[Round "?"]
[White "Timoshchenko, Gennadi A"]
[Black "Wilder, Michael"]
[Result "1/2-1/2"]
[WhiteElo "2455"]
[BlackElo "2505"]

1.d4 Nf6 2.c4 e6 3.Nf3 Bb4+ 4.Bd2 c5 5.Bxb4 cxb4 6.e3 O-O 7.Be2 d6 8.O-O Re8
9.a3 Na6 10.axb4 Nxb4 11.Nc3 Bd7 12.Qd2 a5 13.Rfd1 Bc6 14.Ne1 Ne4 15.Nxe4  1/2-1/2

[Event "GMA-Open"]
[Site "Belgrade"]
[Date "1988.??.??"]
[Round "?"]
[White "Ninov, Kiril"]
[Black "Velikov, Petar"]
[Result "1/2-1/2"]
[WhiteElo "2515"]
[BlackElo "2485"]

1.d4 Nf6 2.Nf3 e6 3.c4 Bb4+ 4.Bd2 Qe7 5.Nc3 d6 6.g3 O-O 7.Bg2 e5 8.O-O Nc6
9.Nd5 Nxd5 10.cxd5 Bxd2 11.dxe5 Nxe5 12.Qxd2 Nxf3+ 13.Bxf3 Bh3 14.Bg2 Bxg2
15.Kxg2 Rfe8 16.e3  1/2-1/2

[Event "GMA-Open"]
[Site "Belgrade"]
[Date "1988.??.??"]
[Round "?"]
[White "Savchenko, Stanislav"]
[Black "Makarov, Marat"]
[Result "0-1"]
[WhiteElo "2480"]
[BlackElo "2370"]

1.d4 Nf6 2.c4 e6 3.Nf3 Bb4+ 4.Bd2 Qe7 5.g3 b6 6.Bg2 Bb7 7.O-O Bxd2 8.Qxd2 d6
9.Qc2 c5 10.Rd1 O-O 11.Nc3 cxd4 12.Nxd4 Bxg2 13.Kxg2 a6 14.Qd3 Qc7 15.Rac1 Rd8
16.Nf3 Qb7 17.Kg1 h6 18.Nd2 Nc6 19.Nde4 Ne8 20.Qf3 Rac8 21.Qf4 Qb8 22.f3 Ne5
23.b3 b5 24.cxb5 axb5 25.Kg2 Ng6 26.Qd2 d5 27.Nf2 Nd6 28.e4 dxe4 29.Ncxe4 Nf5
30.Rxc8 Rxc8 31.Ng4 Nge7 32.Ne3 Nxe3+ 33.Qxe3 Nd5 34.Qd4 b4 35.Rd2 Qc7 36.f4 Qc6
37.Kh3 Qc1 38.Qf2 Qc6 39.Re2 Qd7 40.Nc5 Qb5 41.Ne4 Qd3 42.f5 Nf4+  0-1

[Event "Berlin op"]
[Site "Berlin-West"]
[Date "1988.??.??"]
[Round "3"]
[White "Kallai, Gabor"]
[Black "Kottke, Uwe"]
[Result "1-0"]
[WhiteElo "2450"]
[BlackElo "2110"]

1.d4 Nf6 2.c4 e6 3.Nf3 Bb4+ 4.Bd2 c5 5.Bxb4 cxb4 6.g3 b6 7.Bg2 Bb7 8.O-O O-O
9.Nbd2 d6 10.Re1 Re8 11.e4 e5 12.Qb3 a5 13.Qd3 Na6 14.Nh4 Nc7 15.f4 exf4
16.Nf5 Rb8 17.gxf4 Nh5 18.Qf3 g6 19.Ng3 Qf6 20.e5 Bxf3 21.exf6 Bxg2 22.Nxh5 gxh5
23.Kxg2 Re6 24.d5 Rxf6 25.Re7 Re8 26.Rxe8+ Nxe8 27.Kf3 Ng7 28.a3 bxa3 29.bxa3 Nf5
30.Rb1 Nh4+ 31.Ke4 Rg6 32.Rxb6 Kf8 33.c5 dxc5 34.d6 Ke8 35.Nc4 Re6+ 36.Kd5 Kd7
37.Rb8  1-0

[Event "Berlin op"]
[Site "Berlin-West"]
[Date "1988.??.??"]
[Round "6"]
[White "Kuzmin, Gennadi P"]
[Black "Ivanovic, Bozidar"]
[Result "1-0"]
[WhiteElo "2475"]
[BlackElo "2540"]

1.d4 Nf6 2.c4 e6 3.Nf3 Bb4+ 4.Bd2 Qe7 5.g3 Nc6 6.Bg2 Bxd2+ 7.Nbxd2 d6 8.O-O O-O
9.Nb1 e5 10.Nc3 Bf5 11.d5 Nb8 12.h3 Bd7 13.b4 a5 14.bxa5 Rxa5 15.Nd2 c6 16.Qb3 cxd5
17.cxd5 b5 18.Qb4 Ra7 19.Rfb1 Na6 20.Qh4 Nc5 21.Nde4 Ncxe4 22.Bxe4 h6 23.Bd3 Rfa8
24.Rb3 Qf8 25.Qb4 Bxh3 26.Bxb5 Bd7 27.a4 Bxb5 28.Nxb5 Rb7 29.Rd3 Ra6 30.Qc4 Nd7
31.Nd4 Nc5 32.Nc6 Qa8 33.Rda3 Rab6 34.a5 Rb1+ 35.Rxb1 Rxb1+ 36.Kg2 Qa6 37.Ne7+ Kf8
38.Qxa6 Nxa6 39.Nf5 Rb8 40.Nxd6 Ke7 41.Ne4 f5  1-0

[Event "Berlin op"]
[Site "Berlin-West"]
[Date "1988.??.??"]
[Round "7"]
[White "Cvitan, Ognjen"]
[Black "Gruen, Peter"]
[Result "1/2-1/2"]
[WhiteElo "2500"]
[BlackElo "2380"]

1.d4 Nf6 2.c4 e6 3.Nf3 Bb4+ 4.Bd2 c5 5.Bxb4 cxb4 6.g3 b6 7.Bg2 Bb7 8.O-O O-O
9.Nbd2 a5 10.e3 d6 11.Ne1 Bxg2 12.Kxg2 e5 13.Nd3 Nc6 14.d5 Nb8 15.e4 Nbd7
16.a3 Nc5 17.Nxc5 bxc5 18.Qa4 Qb6 19.Rfe1 Rfb8 20.Ra2 Qc7 21.Re3 Nd7 22.Qc2 g6
23.a4 Kg7 24.b3 h5 25.Nf3 Nf6 26.Nh4 Ng4 27.Rd3 Qe7 28.Qc1 Nh6 29.Re2 Rh8
30.Nf3 Rag8 31.Ng5 Ng4 32.h3 Nf6 33.h4 Nh7 34.Nh3 Nf6 35.Qb2 Kf8 36.f4 Ng4
37.Rf3 Ke8 38.Nf2 f6 39.Nxg4 hxg4 40.Rf1 g5 41.hxg5 fxg5 42.f5 Rh3 43.Rg1 Rgh8
44.Kf1 Qh7 45.Reg2 Kf7 46.Qe2 Qh5 47.Qf2 Kf6 48.Qe2 Rh1 49.Qf2 Qf7 50.Qe2 Qh5
51.Qf2  1/2-1/2

[Event "Berlin op"]
[Site "Berlin-West"]
[Date "1988.??.??"]
[Round "8"]
[White "Stohl, Igor"]
[Black "Kraut, Rainer"]
[Result "1-0"]
[WhiteElo "2445"]
[BlackElo "2390"]

1.d4 Nf6 2.c4 e6 3.Nf3 Bb4+ 4.Bd2 Qe7 5.g3 Nc6 6.Nc3 Bxc3 7.Bxc3 Ne4 8.Rc1 d6
9.Bg2 O-O 10.d5 Nxc3 11.Rxc3 Nd8 12.dxe6 Nxe6 13.O-O a5 14.Qd2 a4 15.Rd1 Bd7
16.Re3 Qf6 17.Nd4 Nc5 18.b4 axb3 19.axb3 Rab8 20.Nb5 Ne6 21.Nc3 Bc6 22.Nd5 Qd8
23.Rc1 Re8 24.b4 Ra8 25.Qb2 Qb8 26.h4 Kh8 27.Ra1 Rxa1+ 28.Qxa1 h6 29.Qa5 Kg8
30.Bh3 Kf8 31.Bg2 Bxd5 32.cxd5 Nd8 33.Rxe8+ Kxe8 34.Qb5+ Ke7 35.Qd3 Qa7 36.Qc3 Qb6
37.Qxg7 Qxb4 38.Qxh6 Qe1+ 39.Bf1 b5 40.Qg7 Nb7 41.h5 Nc5 42.Qg5+ Kf8 43.f3 Nb3
44.h6  1-0